عرض عادي
عرض مارك
- Harris, Omar,
مدخل إسم شخص
001 - رقم الضبط
- حقل الضبط: 89119
003 - معرف رقم الضبط
- حقل الضبط: OSt
005 - تاريخ ووقت أخر عملية
- حقل الضبط: 20220213133119.0
008 - عناصر بيانات ثابتة الطول
- حقل تحكم ثابت الطول: 220213|| aca||aabn | a|a d
040 ## - مصدر الفهرسة
- هيئة الفهرسة الأصلية: OSt
- وكالة الكتابة: OSt
100 ## - مدخل -- أسم شخص
- إسم شخص: Harris, Omar,
670 ## - بيانات المصدر موجوده
- الاستشهاد بالمصدر: Work cat.: (OSt)0: Harris, Omar, author, CCNA Security 210-260
